| 000 | 00578nam a22001817a 4500 | ||
|---|---|---|---|
| 008 | 161007b xxu||||| |||| 00| 0 eng d | ||
| 020 | _a9780321696588 | ||
| 020 | _a 0321696581 | ||
| 050 |
_aRA 784 _b.B552 2012 |
||
| 100 | _a Blake, Joan Salge | ||
| 245 |
_aNutrition and you/ _cJoan Salge Blake |
||
| 250 | _a2nd ed. | ||
| 260 |
_aSan Francisco : _b Pearson Benjamin Cummings, _c©2012. |
||
| 300 |
_axxi, 613p. : _bill. ; _c27cm. |
||
| 500 | _aIncludes appendix and index. | ||
| 650 |
_aNutrition _xtextbooks. |
||
| 942 |
_2lcc _cBOOKS _hRA 784 .B552 2012 |
||
| 999 |
_c14731 _d14731 |
||